Missing Word: 'A' Authors Quiz Stats

Quiz Updated Jun 10, 2015

Challenge
Share
Tweet
Embed
Score 0/20 Timer 03:00
0 Plays Today
Author Answer % Correct
_____ ChristieAgatha
95.4%
Louisa May _____Alcott
93.4%
Hans Christian _____Andersen
90.9%
Maya _____Angelou
88.9%
_____ RandAyn
86.1%
_____ RiceAnne
85.4%
_____ TanAmy
77.7%
_____ HuxleyAldous
76.1%
_____ C. ClarkeArthur
75.8%
Isaac _____Asimov
74.9%
Author Answer % Correct
_____ CamusAlbert
74.1%
_____ BurgessAnthony
70.5%
_____ WalkerAlice
70.3%
_____ DumasAlexandre
69.6%
Douglas _____Adams
69.3%
Margaret _____Atwood
59.9%
Edward _____Albee
49.7%
Isabel _____Allende
45.9%
Kingsley _____Amis
41.9%
Chinua _____Achebe
32.2%

Today's Daily Dose

Missing Word
1974 Movies A-Z

Word Ladder
The White Album

Quick Pick
Gods of War

On This Day
February 22nd II

You're not logged in!

Compare scores with friends on all Sporcle quizzes.
Sign Up with Email
OR
Log In

You Might Also Like...

Show Comments

Extras

Top Quizzes Today


Score Distribution

Your Account Isn't Verified!

In order to create a playlist on Sporcle, you need to verify the email address you used during registration. Go to your Sporcle Settings to finish the process.